| 000 | 01380cam a22003011 4500 | ||
|---|---|---|---|
| 001 | l 16000014 | ||
| 003 | DLC | ||
| 005 | 20260227111526.0 | ||
| 008 | 791031s1916 dcu f001 0 eng c | ||
| 010 | _al 16000014 | ||
| 035 | _a(OCoLC)5630762 | ||
| 040 |
_aU.S. Dept. of Labor Libr. _cNGenoU _dDLC |
||
| 043 | _an-us--- | ||
| 050 | 0 | 0 |
_aHD8051 _b.A62 no. 175 |
| 110 | 1 |
_aUnited States. _bBureau of Labor Statistics. |
|
| 245 | 1 | 0 |
_aSummary of the Report on condition of woman and child wage earners in the United States. _cDecember, 1915. |
| 260 |
_aWashington, _bGovt. Print. Off., _c1916. |
||
| 300 |
_a445 p. _c24 cm. |
||
| 490 | 0 |
_aBulletin, whole _vno. 175. Women in industry series, no. 5 |
|
| 500 | _aAt head of title: U.S. Department of Labor. Bureau of Labor Statistics. Royal Meeker, commissioner. | ||
| 500 | _aThe report, issued in 19 volumes, 1910-13, was prepared under the direction of Chas. P. Neill, commissioner of labor. | ||
| 500 | _aIssued also as House doc. 1708, U.S., 63d Cong., 3d sess. | ||
| 650 | 0 |
_aWomen _xEmployment _zUnited States. |
|
| 650 | 0 |
_aChild labor _zUnited States. |
|
| 710 | 1 |
_aUnited States. _bBureau of Labor. _tReport on condition of woman and child wage earners in the United States. |
|
| 700 | 1 |
_aNeill, Charles Patrick, _d1865-1942. |
|
| 740 | 0 | _aReport on condition of woman and child wage earners in the United States. | |
| 999 |
_c35518 _d35518 |
||